[Event "IRQ Clubs-chT"]
[Site "Baghdad"]
[Date "2017.08.16"]
[Round "1.1"]
[White "Hamid, A Sattar"]
[Black "Al Ali, Hussein Ali Hussein"]
[Result "0-1"]
[WhiteElo "1952"]
[BlackElo "2268"]
[PlyCount "118"]
[EventDate "2017.08.16"]
[EventType "team-swiss"]
[EventRounds "7"]
[EventCountry "IRQ"]
[SourceTitle "CBM 180 Extra"]
[Source "ChessBase"]
[SourceDate "2017.10.06"]
[SourceVersion "1"]
[SourceVersionDate "2017.10.06"]
[SourceQuality "1"]
[WhiteTeam "Ishtar"]
[BlackTeam "Khanzad"]
[WhiteTeamCountry "IRQ"]
[BlackTeamCountry "IRQ"]

1. e4 d6 2. d4 Nf6 3. Nc3 g6 4. Bc4 Bg7 5. f3 c6 6. Bb3 b5 7. Be3 Nbd7 8. d5 Bb7 9. dxc6 Bxc6 10. a3 0-0 11. Nge2 a6 12. 0-0 Rc8 13. Qd2 Ne5 14. Bh6 Qb6+ 15. Qe3 Qxe3+ 16. Bxe3 Bd7 17. Rad1 Nc4 18. Bc1 Rfd8 19. Nf4 Kf8 20. Rd3 Rc5 21. Nd1 Na5 22. Bd2 Nxb3 23. cxb3 Rdc8 24. Bc3 h5 25. Ne3 Be8 26. Nfd5 Nxd5 27. Bxg7+ Kxg7 28. Nxd5 Kf8 29. Rc3 Rxc3 30. Nxc3 f5 31. exf5 gxf5 32. Rc1 Bf7 33. b4 e5 34. Ne2 Rxc1+ 35. Nxc1 Ke7 36. Kf2 Bc4 37. g3 Kf6 38. Ke3 d5 39. Nd3 Bxd3 40. Kxd3 h4 41. b3 hxg3 42. hxg3 Ke6 43. a4 Kd6 44. Kd2 d4 45. Kd3 Kd5 46. Kd2 e4 47. Ke2 Ke5 48. Kf2 f4 49. gxf4+ Kxf4 50. fxe4 Kxe4 51. Ke2 d3+ 52. Kd1 Kd5 53. Kc1 Ke5 54. Kd1 Ke4 55. Kd2 Kd4 56. axb5 axb5 57. Kd1 Kc3 58. Kc1 Kxb3 59. Kd2 Kc4 0-1